00361 a2200109 4500001000900000005001700009008004100026245008900067100002400156773005400180999001700234ART_762220260410161637.0260409a 10aFideicomisos vinculados con negocios inmobiliarios. Algunas consideraciones fiscales1 aCalcagno, Gabriel A0 tConsultor tributariog- NÂș 5 (jul. 2007)wREV474 c12995d12995